User's guide to the economic and political weekly 1966-1996 (Record no. 2083)

MARC details
000 -LEADER
fixed length control field 00324nam a2200121Ia 4500
020 ## - INTERNATIONAL STANDARD BOOK NUMBER
ISBN 0 19 564191 4
082 ## - DEWEY DECIMAL CLASSIFICATION NUMBER
Classification number RR 016.33 GHO
100 ## - MAIN ENTRY--AUTHOR NAME
Personal name Ghosal, Satyabrata comp.
245 #0 - TITLE STATEMENT
Title User's guide to the economic and political weekly 1966-1996
260 ## - PUBLICATION, DISTRIBUTION, ETC. (IMPRINT)
Place of publication Delhi
Name of publisher Oxford University Press
Year of publication 1997
300 ## - PHYSICAL DESCRIPTION
Number of Pages 409p.
942 ## - ADDED ENTRY ELEMENTS (KOHA)
Koha item type Books
Holdings
Withdrawn status Lost status Damaged status Not for loan Home library Current library Date acquired Bill Date Full call number Accession Number Price effective from Koha item type
        NASSDOC Library NASSDOC Library 08/10/2004 2008-12-30 RR 016.33 GHO 36146 18/04/2019 Books